North American Specification for the Design of Cold-Formed Steel Structural Members : 2001 Edition

Guardado en:
Detalles Bibliográficos
Formato: Libro
Lenguaje:inglés
Publicado: American Iron and Steel Institute, 2002
Etiquetas: Agregar Etiqueta
Sin Etiquetas, Sea el primero en etiquetar este registro!

MARC

LEADER 00000nam a22000003a 4500
001 stu185468
005 20150121112534.4
008 090612s2002----xxu-----------------eng-d
040 |a STU  |b slo 
041 0 |a eng 
044 |a xxu 
245 |a North American Specification for the Design of Cold-Formed Steel Structural Members :  |b 2001 Edition 
260 |b American Iron and Steel Institute,  |c 2002 
300 |a 132 s  |c príl. 
996 |c V*50504/O-22576  |l VV9  |s P  |a 0  |w stu185468_0001